000
00293nam a22001337a 4500
008
170929b xxu||||| |||| 00| 0 eng d
020
_a
9780395260852
041
_a
eng
080
_a
37
100
_a
47
101
_a
EDU
245
_a
GRAMMAR FOR READING GERMAN
_c
ROALD, K
942
_2
udc
_c
BK
999
_c
30602
_d
30602